Indice bibliográfico de "Bética, Revista ilustrada" (Record no. 49383)
[ view plain ]
| 000 -LEADER | |
|---|---|
| campo de control de longitud fija | 00836nam a2200229 i 4500 |
| 001 - NÚMERO DE CONTROL | |
| campo de control | 49383 |
| 003 - IDENTIFICADOR DE NÚMERO DE CONTROL | |
| campo de control | ES-MaACL |
| 005 - FECHA Y HORA DE LA ÚLTIMA TRANSACCIÓN | |
| campo de control | 20230906161936.0 |
| 007 - CAMPO FIJO DE DESCRIPCIÓN FÍSICA--INFORMACIÓN GENERAL | |
| campo de control de longitud fija | t| |
| 008 - DATOS DE LONGITUD FIJA--INFORMACIÓN GENERAL | |
| campo de control de longitud fija | 030715s1971 sp af ||||1|dspa d |
| 080 ## - NÚMERO DE LA CLASIFICACIÓN DECIMAL UNIVERSAL | |
| Número de la Clasificación Decimal Universal | 014.3:05(468.11 S.)Bética |
| 080 ## - NÚMERO DE LA CLASIFICACIÓN DECIMAL UNIVERSAL | |
| Número de la Clasificación Decimal Universal | 05(468.115.)Betica:014.3 |
| 100 1# - ENTRADA PRINCIPAL--NOMBRE DE PERSONA | |
| Nombre de persona | Cortines, Jacobo. |
| 9 (RLIN) | 40951 |
| 245 10 - MENCIÓN DEL TÍTULO | |
| Título | Indice bibliográfico de "Bética, Revista ilustrada" |
| Resto del título | : (Sevilla 1913-1917) / |
| Mención de responsabilidad, etc. | Jacobo Cortines Torres. |
| 260 ## - PUBLICACIÓN, DISTRIBUCIÓN, ETC. | |
| Lugar de publicación, distribución, etc. | Sevilla : |
| Nombre del editor, distribuidor, etc. | E.C.E.S.A., |
| Fecha de publicación, distribución, etc. | 1971. |
| 300 ## - DESCRIPCIÓN FÍSICA | |
| Extensión | 259 p., 6 lám. ; |
| Dimensiones | 22 cm. |
| 490 1# - MENCIÓN DE SERIE | |
| Mención de serie | Publicaciones de la Diputación Provincial de Sevilla. |
| -- | Literatura ; |
| Designación de volumen o secuencia | 2 |
| 630 04 - PUNTO DE ACCESO ADICIONAL DE MATERIA--TÍTULO UNIFORME | |
| Título uniforme | Bética (Sevilla)- |
| Subdivisión de forma | Índices. |
| 9 (RLIN) | 145186 |
| 830 0# - PUNTO DE ACCESO ADICIONAL DE SERIE-TÍTULO UNIFORME | |
| Título uniforme | Publicaciones de la Diputación Provincial de Sevilla. |
| -- | Literatura ; |
| Designación de volumen o secuencia | 2 |
| 9 (RLIN) | 230093 |
| 852 ## - LOCALIZACIÓN | |
| Ubicación | ES-MaACL |
| Número de control de estantería | C-43340 |
| Estatus retirado | Estado de pérdida | Estado de daño | No para préstamo | Biblioteca de origen | Biblioteca actual | Ubicación en estantería | Fecha de adquisición | Fuente de adquisición | Total de préstamos | Signatura topográfica completa | Código de barras | Visto por última vez | Precio de reemplazo | Tipo de ítem Koha |
|---|---|---|---|---|---|---|---|---|---|---|---|---|---|---|
| Biblioteca del Ateneo de Madrid | Biblioteca del Ateneo de Madrid | Depósito 2 | 17/01/2008 | C-43340 | 1051962 | 23/02/2023 | 23/02/2023 | Libro impreso |
